Attracting FDI to Ukraine: Importance and Strategies

Význam priamych zahraničných investícií (PZI) v ekonomike Ukrajiny a návrhy, ako pritiahnuť budúce PZI do krajiny. Priame zahraničné investície sú jedným z najdôležitejších faktorov zodpovedných za trvalo udržateľný ekonomický rast, pretože môžu pomôcť zlepšiť existujúce technické procesy, kvalitu p...

Ausführliche Beschreibung

Gespeichert in:
Bibliographische Detailangaben
1. Verfasser: Rivna, Anna, 1992-
Format: Buchkapitel
Sprache:Englisch
Schlagworte:
Tags: Tag hinzufügen
Keine Tags, Fügen Sie das erste Tag hinzu!

MARC

LEADER 00000naa$a2200000$$$4500
001 0281449
005 20240502074401.1
041 0 |a eng 
044 |a SK 
245 1 0 |a Attracting FDI to Ukraine: Importance and Strategies  |c Anna Rivna 
520 |a Význam priamych zahraničných investícií (PZI) v ekonomike Ukrajiny a návrhy, ako pritiahnuť budúce PZI do krajiny. Priame zahraničné investície sú jedným z najdôležitejších faktorov zodpovedných za trvalo udržateľný ekonomický rast, pretože môžu pomôcť zlepšiť existujúce technické procesy, kvalitu produktov, ako aj vytvárať pracovné miesta, rozvíjať nové zručnosti a zlepšovať hospodárstvo celkovo. 
610 2 0 |a investície priame zahraničné 
610 2 0 |a Ukrajina 
610 2 0 |a stratégia hospodárska 
610 2 0 |a regulácia 
610 2 0 |a rozvoj trvalo udržateľný 
100 1 |a Rivna, Anna, 1992-